Statistiche per Top 20 Marcatori Bundesliga

Clicka qui per fare il quiz!

Statistiche generali

  • Questo quiz è stato fatto 8 volte
  • Il punteggio medio è 4 su 20

Statistiche sulle risposte

GolNazioneStagioni in golGoal per squadraCalciatore% Corretto
365Germania1965–1979365 Bayern MonacoGerd Müller
100%
312Polonia2010-2022238 Bayern Monaco, 74 Borussia DortmundRobert Lewandowski
63%
145Germania2008-145 Bayern MonacoThomas Müller
63%
197Perù1999-2007, 2008-2019109 Werder Brema, 87 Bayern Monaco, 1 ColoniaClaudio Pizarro
38%
154Germania2009-118 Borussia Dortmund, 36 Borussia M'gladbachMarco Reus
38%
170Germania2005–2013, 2016-202075 Bayern Monaco, 78 Stoccarda, 17 WolfsburgMario Gómez
38%
177Germania1973–1982, 1985-1986159 Colonia, 14 Stoccarda, 4 SaarbrückenDieter Müller
25%
162Germania1974–1984162 Bayern MonacoKarl-Heinz Rummenigge
13%
182Germania1990–2002182 Bayer LeverkusenUlf Kirsten
13%
160Germania1967–1981160 Eintracht FrancoforteBernd Hölzenbein
0%
141Germania1968–1983141 Eintracht FrancoforteBernd Nickel
0%
157Germania1983–1994102 Stoccarda, 55 Waldhof MannheimFritz Walter
0%
166Germania1964–1977166 ColoniaHannes Löhr
0%
220Germania1965–1978195 Borussia M'gladbach, 25 Hannover 96Jupp Heynckes
0%
177Germania1976-1987, 1990-199288 Colonia, 71 Fortuna Düsseldorf, 18 Werder BremaKlaus Allofs
0%
268Germania1968–1972, 1973-1987182 Schalke 04, 31 Colonia, 28 Monaco 1860, 27 BochumKlaus Fischer
0%
213Germania1974–1990135 Borussia Dortmund, 34 Werder Brema, 32 Rot-Weiss Essen, 12 NorimbergaManfred Burgsmüller
0%
144Germania2002-2017131 Bayer Leverkusen, 13 NorimbergaStefan Kießling
0%
179Germania1983–199975 Kaiserslautern, 47 Bochum, 32 Bayer Uerdingen, 25 Arminia BielefeldStefan Kuntz
0%
148Germania1978–199261 Kaiserslautern, 57 Fortuna Düsseldorf, 30 ColoniaThomas Allofs
0%

Distribuzione punteggi

Percentile per numero di risposta

Percentuale di utenti per punteggio

I tuoi punteggi nel tempo

Non hai fatto questo quiz